Normale Ansicht MARC-Ansicht ISBD

Männer von Ehre? : (Titelsatznr. 52930)

[ MARC ]
MARC-Details
000 -Satzkennung
Kontrollfeld mit fester Länge 00668nam a22002171c 4500
001 - Kontrollnummer
Kontrollfeld a987690539
008 - Feld mit fester Länge zur physischen Beschreibung - Allgemeine Angaben
Kontrollfeld mit fester Länge 180912s2018 gw |||| 000u ger d
020 ## - Internationale Standardbuchnummer
Internationale Standardbuchnummer 9783506792594
Verknüpfung 978-3-506-79259-4
041 ## - Sprachcode
Sprachcode des Textes/der Tonspur oder des separaten Titels ger
040 ## - Katalogisierungsquelle
Übertragungsstelle RU-10907106
003 - Kontrollnummer Identifier
Kontrollfeld RU-10907106
100 1# - Haupteintragung - Personenname
Personenname Brüggemann, Jens
245 00 - Titel
Titel Männer von Ehre? :
Zusatz zum Titel die Wehrmachtgeneralität im Nürnberger Prozess 1945/46 : zur Entstehung einer Legende
264 ## - Produktion, Veröffentlichung, Distribution, Herstellung und Urheberrechtsvermerk
Herstellungs-, Veröffentlichungs- Vertriebs-, Erzeugungsort Paderborn :
Produzent, Herausgeber, Distributor, Hersteller Ferdinand Schöningh,
Datum der Herstellung, der Veröffentlichung, des Vertriebs oder des Urheberschutzvermerks 2018
300 ## - Physische Beschreibung
Umfang 631 Seiten
490 #0 - Gesamttitelangabe
Gesamttitelangabe Krieg in der Geschichte
Bandnummer/Folgebezeichnung 112
610 #0 - Nebeneintragung unter einem Schlagwort - Körperschaftsname
Körperschafts- oder Gebietskörperschaftsname als Eintragungselement Deutschland. Wehrmacht
650 #0 - Nebeneintragung unter einem Schlagwort - Sachschlagwort
Sachschlagwort oder geografischer Name als Eintragungselement Nürnberger Prozesse
650 #0 - Nebeneintragung unter einem Schlagwort - Sachschlagwort
Sachschlagwort oder geografischer Name als Eintragungselement Kriegsverbrechen
942 ## - Zusätzliche Felder (Koha)
Koha-Medientyp Monographien
Exemplare
Ausgeschieden Verloren Klassifikation oder Aufstellungssystematik Beschädigt Nicht entleihbar Heimatbibliothek Aufenthaltsbibliothek Aufstellungsort Erwerbungsdatum Inventarnummer Signatur Barcode Letzte Aktivität Preis gültig von Koha-Medientyp
    Andere/Generische Klassifikation     MWN Osteuropa MWN Osteuropa Lesesaal - 1 12/09/2018 19-00482 D 52 rd Brü E00401506CBDE622 23/02/2021 22/03/2021 Monographien